| 000 | 01091cam a2200289 a 4500 | ||
|---|---|---|---|
| 001 | 971706 | ||
| 005 | 20230322140243.0 | ||
| 008 | 850429s1985 njua 001 0 eng | ||
| 010 | _a 85042685 | ||
| 020 |
_a0691083886 (alk. paper) : _c$17.97 |
||
| 040 |
_aDLC _cDLC _dOCoLC _dDLC |
||
| 050 | 0 | 0 |
_aQC793.5.P422 _bF48 1985 |
| 082 | 0 | 0 |
_a539.75 _219 _bFEY |
| 100 | 1 |
_aFeynman, Richard P. _q(Richard Phillips), _d1918-1988. _9110597 |
|
| 245 | 1 | 0 |
_aQED : _bthe strange theory of light and matter / _cRichard Feynman. |
| 260 |
_aPrinceton, N.J. : _bPrinceton University Press, _cc1985. |
||
| 300 |
_ax, 158 p. : _bill. ; _c23 cm. |
||
| 440 | 0 |
_aAlix G. Mautner memorial lectures _9111096 |
|
| 500 | _aIncludes index. | ||
| 650 | 0 |
_aPhotons. _9111097 |
|
| 650 | 0 |
_aElectrons. _945166 |
|
| 650 | 0 |
_aQuantum electrodynamics. _961717 |
|
| 856 | 4 | 1 |
_3Sample text _uhttp://www.loc.gov/catdir/samples/prin031/85042685.html |
| 856 | 4 | 2 |
_3Publisher description _uhttp://www.loc.gov/catdir/enhancements/fy0654/85042685-d.html |
| 906 |
_a7 _bcbc _corignew _d1 _eocip _f19 _gy-gencatlg |
||
| 942 |
_2ddc _cBK |
||
| 999 |
_c594083 _d594083 |
||